US States With the Most Counties - Statistics

General Stats
  • This quiz has been taken 183 times
  • The average score is 8 of 10
Answer Stats
Counties State % Correct
254 Texas
99%
102 Illinois
88%
159 Georgia
84%
95 Tennessee
83%
114 Missouri
82%
133 Virginia
81%
100 North Carolina
80%
120 Kentucky
78%
99 Iowa
72%
105 Kansas
72%
No matching quizzes found
Score Distribution
Percent of People with Each Score
Percentile by Number Answered
Your Score History
You have not taken this quiz